Flagi losowych państw Azji - Statystyki

Ogólne statystyki
  • Ten quiz został rozwiązany 16 razy
    14 od ostatniego zresetowania
  • Średni wynik to 14 z 16
Statystyki odpowiedzi
Obrazkowy Odpowiedź % Poprawnych
Arabia Saudyjska
100%
Chiny
100%
Cypr
100%
Malezja
92%
Armenia
85%
Jemen
85%
Jordania
85%
Kambodża
85%
Liban
85%
Mjanma
85%
Singapur
85%
Sri Lanka
85%
Uzbekistan
85%
Pakistan
77%
Brunei
69%
Tadżykistan
69%
Nie znaleziono quizów pasujących do podanych kryteriów
Rozkład punktacji
Procent ludzi z każdym wynikiem
Percentyl według liczby udzielonych odpowiedzi
Twoja historia wyników
Nie rozwiązałeś tego quizu od ostatniego zresetowania